| 000 | 00426nam a2200181Ia 4500 | ||
|---|---|---|---|
| 001 | 24123 | ||
| 005 | 20260414151022.0 | ||
| 008 | 260414t2017||||xx |||||||||||||| ||spa|| | ||
| 041 | _aESP | ||
| 082 |
_a742 _bP43 |
||
| 100 |
_aCanal, María Fernanda _eAUT |
||
| 245 | 0 |
_aLa perspectiva en el dibujo _b |
|
| 260 | _c2017 | ||
| 300 |
_a94 páginas : _c27 cm. |
||
| 650 | _aABD | ||
| 654 | _aCAU | ||
| 942 |
_cLIB _dJUS _fJUS _2ddc _n |
||
| 999 |
_c24123 _d24123 |
||